Postal ballots rules and regulations of the Kingdom of Bhutan / (Record no. 2854)

MARC details
000 -LEADER
fixed length control field 00525nam a2200181 4500
001 - CONTROL NUMBER
control field 3514
005 - DATE AND TIME OF LATEST TRANSACTION
control field 20181127171403.0
010 00 - LIBRARY OF CONGRESS CONTROL NUMBER
LC control number
020 00 - INTERNATIONAL STANDARD BOOK NUMBER
International Standard Book Number
090 00 - LOCALLY ASSIGNED LC-TYPE CALL NUMBER (OCLC); LOCAL CALL NUMBER (RLIN)
Classification number (OCLC) (R) ; Classification number, CALL (RLIN) (NR) 342.07 C7467p 2009
110 ## - MAIN ENTRY--CORPORATE NAME
Corporate name or jurisdiction name as entry element Election Commission of Bhutan.
Subordinate unit
Location of meeting
Date of meeting or treaty signing
Relator term
Number of part/section/meeting
Name of part/section of a work
245 00 - TITLE STATEMENT
Title Postal ballots rules and regulations of the Kingdom of Bhutan /
Remainder of title
Statement of responsibility, etc. Election Commission of Bhutan.
Medium
250 00 - EDITION STATEMENT
Edition statement 1st ed.
260 00 - PUBLICATION, DISTRIBUTION, ETC.
Place of publication, distribution, etc. Thimphu :
Name of publisher, distributor, etc. Election Commission of Bhutan,
Date of publication, distribution, etc. 2009.
300 00 - PHYSICAL DESCRIPTION
Extent v. : ill. ; 21 cm.
500 00 - GENERAL NOTE
General note
650 00 - SUBJECT ADDED ENTRY--TOPICAL TERM
Topical term or geographic name entry element Election law --Bhutan.
General subdivision
Holdings
Withdrawn status Lost status Source of classification or shelving scheme Damaged status Not for loan Collection code Home library Current library Shelving location Serial Enumeration / chronology Inventory number Total Checkouts Full call number Barcode Date last seen Price effective from Koha item type
    Dewey Decimal Classification     Periodicals RTC Library RTC Library Periodicals 6042   Periodicals Serials 30003930 27/11/2018 27/11/2018 Periodicals
Royal Thimphu College || All Right Reserved